000 00465nam a2200181Ia 4500
008 090123s9999 xx 000 0 und d
082 _b3527
_a891.463/कदम
100 _aकदम बाबा
245 _aगजरा
250 _a1
260 _bसाहित्य सदन
_c1973
300 _a168
600 _aकदम बाबा
630 _aगजरा
700 _aकदम बाबा
730 _aगजरा
942 _cBOOK
999 _c41607
_d41607